| 000 | 00798pam a2200265 4500 | ||
|---|---|---|---|
| 001 | 770718 | ||
| 003 | NUST - PNEC | ||
| 005 | 20170116181103.0 | ||
| 008 | 721030s1973 nyua b 000 0 eng | ||
| 010 | _a 72010935 | ||
| 020 | _a0471118265 | ||
| 040 |
_aDLC _cLIBRARY _dDLC |
||
| 050 | 0 | 0 |
_aTS155 _b.B723 1973 |
| 082 | 0 | 0 | _a658.5 BUF |
| 100 | 1 |
_aBuffa, Elwood Spencer, _d1923- |
|
| 245 | 1 | 0 |
_aModern production management _c[by] Elwood S. Buffa. |
| 250 | _a4th ed. | ||
| 260 |
_aNew York, _bWiley _c[1973] |
||
| 300 |
_axiii, 704 p. _billus. _c24 cm. |
||
| 490 | 0 | _aThe Wiley series in management and administration | |
| 504 | _aIncludes bibliographies. | ||
| 650 |
_aManagement information system _912469 _xMIS |
||
| 906 |
_a7 _bcbc _corignew _d1 _eocip _f19 _gy-gencatlg |
||
| 942 |
_2ddc _cBK |
||
| 999 |
_c68825 _d68825 |
||